Decreto ley N§ 830. Código tributario y ley orgánica del Servicio de Impuestos Internos. Texto actualizado y comentado para estudiantes y especialistas
Guardat en:
| Autor principal: | |
|---|---|
| Format: | Llibre |
| Idioma: | espanyol |
| Publicat: |
Santiago
Jurídica Manuel Montt
2006
|
| Matèries: | |
| Etiquetes: |
Afegir etiqueta
Sense etiquetes, Sigues el primer a etiquetar aquest registre!
|
MARC
| LEADER | 00000nam a2200000 a 4500 | ||
|---|---|---|---|
| 001 | UCI4249 | ||
| 003 | CL-VaPUC | ||
| 008 | 080104e20060000CL |||||||||||||||||spa|d | ||
| 020 | |a 9562801934 | ||
| 082 | 0 | 4 | |a 343.8304 |b GON |2 21 |
| 100 | |a González Moya, Carlos A |e author |9 601486 | ||
| 245 | 1 | 0 | |a Decreto ley N§ 830. Código tributario y ley orgánica del Servicio de Impuestos Internos. Texto actualizado y comentado para estudiantes y especialistas |
| 300 | |a 270 p | ||
| 942 | |c BK | ||
| 945 | |d 20080104 00:00:00 |a jtorresc | ||
| 260 | |a Santiago |b Jurídica Manuel Montt |c 2006 | ||
| 650 | 0 | |a Derecho tributario chileno |9 485061 | |
| 650 | 0 | |a Impuestos |9 255450 | |
| 650 | 0 | |a Obligaciones |9 255578 | |
| 650 | 0 | |a Delitos |9 224143 | |
| 650 | 0 | |a Servicio de Impuestos Internos |9 417067 | |
| 583 | |a last modification |c 20080104 00:00:00 |k Rodrigo Vera | ||
| 999 | |c 328217 |d 328215 | ||
| 952 | |0 0 |1 0 |4 0 |6 343_830400000000000_GON_2006 |7 0 |8 P |9 412018 |a BIBGIM |b BIBGIM |d 2019-11-22 |i 4399366 |o 343.8304 GON 2006 |p 4399366 |r 2025-01-15 |w 2019-11-22 |y BK |k COM | ||